000 01018 a2200169 4500
003 Nust
005 20250925113127.0
040 _cNust
082 _a510
100 _aHaler P.J
_9130699
245 _aA first Course in Mathematics
_bFor Technical Students
_cP.J.Haler and A.H.Stuart
260 _aLondon:
_bUniversity Tutorial Press
_c1939
300 _a295p
505 _aMeasurements Decimal Functions (Page-1) Vulgar Fractions (Page-25) Powers and Roots (Page-40) Use of Squared Paper Graphs (Page-51) Ratio and Proportions’ (Page-68) Angles and Plane Figures (Page-86) Circumference and Area of a Circle (Page-105) Use of Formula (Page-119) Logarithms and Their Use (Page-131) Algebra Processes (Page-144) Equations (Page-167) Measurements of Angles and Solution of Triangles (Page-184) Common Solids (Page-207) Relative Denies Weight and Volume (Page-219) Graphs of Simple Functions (Page-231) Graphic Solution of Equations (Page-243)
650 _aA first Course in Mathematics
_9130700
942 _2ddc
_cBK
999 _c179981
_d179981